000 00578cam a22002053a 4500
001 39722
003 PGUSA
005 20140828083902.0
008 120518s2012||||xxu|||||s|||||000 | eng d
040 _aPGUSA
_beng
042 _adc
100 1 _aAakjær, Jeppe,
_d1866-1930
245 1 0 _aSamlede Værker, Tredie Bind
_h[electronic resource] /
_cJeppe Aakjær
260 _bProject Gutenberg,
_c2012
506 _aPublic domain in the USA.
516 _aElectronic text
830 0 _aProject Gutenberg
_v39722
856 4 0 _uhttp://www.gutenberg.org/ebooks/39722
942 _cEB
999 _c268975
_d268975